| 000 | 00349pab a2200145 454500 | ||
|---|---|---|---|
| 008 | 180718b1989 xxu||||| |||| 00| 0 eng d | ||
| 100 | _aAkshey, Kumar | ||
| 245 |
_aPolice in democracy _bInstrument or service |
||
| 260 | _c1989 | ||
| 300 | _a28-32 | ||
| 362 | _aJul.-Sept. | ||
| 650 | _aPolice | ||
| 773 | _aIndian Police Journal | ||
| 909 | _a15586 | ||
| 999 |
_c15586 _d15586 |
||